[Event "MPJ C18"]
[Site "?"]
[Date "2016.03.14"]
[Round "2.5"]
[White "Osinski, Emil"]
[Black "Niekras, Dawid"]
[Result "0-1"]
[LiveChessVersion "1.4.8"]
[BlackElo "2271"]
[WhiteElo "2017"]

1. e4 {[%clk 1:30:58]} c5 {[%clk 1:30:54]} 2. Nf3 {[%clk 1:31:13]} d6
{[%clk 1:31:18]} 3. d4 {[%clk 1:30:24]} cxd4 {[%clk 1:31:41]} 4. Nxd4
{[%clk 1:30:44]} Nf6 {[%clk 1:32:06]} 5. Nc3 {[%clk 1:30:54]} a6 {[%clk 1:32:30]}
6. Be2 {[%clk 1:25:21]} e5 {[%clk 1:32:51]} 7. Nb3 {[%clk 1:25:16]} Be7
{[%clk 1:33:13]} 8. O-O {[%clk 1:25:01]} O-O {[%clk 1:33:37]} 9. f4
{[%clk 1:17:40]} b5 {[%clk 1:33:51]} 10. Bf3 {[%clk 1:13:46]} Bb7
{[%clk 1:28:12]} 11. a3 {[%clk 1:03:55]} Nbd7 {[%clk 1:28:27]} 12. f5
{[%clk 0:56:12]} Rc8 {[%clk 1:28:08]} 13. Qd3 {[%clk 0:48:35]} Nb6
{[%clk 1:07:51]} 14. Na5 {[%clk 0:43:35]} Ba8 {[%clk 1:07:17]} 15. Bg5
{[%clk 0:39:40]} Qc7 {[%clk 0:53:27]} 16. Rad1 {[%clk 0:33:43]} Rfd8
{[%clk 0:51:58]} 17. Qe2 {[%clk 0:20:51]} h6 {[%clk 0:35:58]} 18. Bxf6
{[%clk 0:13:46]} Bxf6 {[%clk 0:36:18]} 19. Kh1 {[%clk 0:10:09]} Na4
{[%clk 0:27:07]} 20. Nxa4 {[%clk 0:08:10]} bxa4 {[%clk 0:27:31]} 21. Qxa6
{[%clk 0:07:05]} Qxc2 {[%clk 0:27:50]} 22. Rxd6 {[%clk 0:03:27]} Rxd6
{[%clk 0:27:46]} 23. Qxd6 {[%clk 0:03:52]} Bxe4 {[%clk 0:26:21]} 24. Qd1
{[%clk 0:01:37]} Bxf3 {[%clk 0:15:34]} 25. Qxf3 {[%clk 0:01:46]} Qxb2
{[%clk 0:15:00]} 26. Nc6 {[%clk 0:01:36]} Qb3 {[%clk 0:11:18]} 27. Rc1
{[%clk 0:01:08]} Kh7 {[%clk 0:08:33]} 28. h3 {[%clk 0:00:59]} Qxf3
{[%clk 0:06:58]} 29. gxf3 {[%clk 0:01:24]} Be7 {[%clk 0:07:15]} 30. Rc3
{[%clk 0:00:49]} Bxa3 {[%clk 0:07:23]} 31. Rxa3 {[%clk 0:01:08]} Rxc6
{[%clk 0:07:49]} 32. Rxa4 {[%clk 0:01:31]} Rf6 {[%clk 0:08:11]} 33. Kg2
{[%clk 0:01:25]} Rxf5 {[%clk 0:08:35]} 34. Kg3 {[%clk 0:01:24]} Kg6
{[%clk 0:07:54]} 35. Ra6+ {[%clk 0:01:40]} Rf6 {[%clk 0:07:53]} 36. Ra5
{[%clk 0:02:03]} Re6 {[%clk 0:07:23]} 37. Ra4 {[%clk 0:02:12]} Rd6
{[%clk 0:07:16]} 38. Ra5 {[%clk 0:02:25]} f6 {[%clk 0:07:28]} 39. Ra7
{[%clk 0:02:40]} Rd3 {[%clk 0:07:49]} 40. Re7 {[%clk 0:32:46]} Rd5
{[%clk 0:37:19]} 41. Kg2 {[%clk 0:32:53]} f5 {[%clk 0:37:42]} 42. Ra7
{[%clk 0:33:05]} Rd2+ {[%clk 0:33:46]} 43. Kg1 {[%clk 0:31:09]} Kf6
{[%clk 0:33:35]} 44. Rb7 {[%clk 0:31:07]} h5 {[%clk 0:31:34]} 45. Ra7
{[%clk 0:31:06]} h4 {[%clk 0:31:14]} 46. Rb7 {[%clk 0:31:03]} g6 {[%clk 0:31:26]}
47. Rb5 {[%clk 0:31:06]} Re2 {[%clk 0:30:44]} 48. Rb4 {[%clk 0:30:49]} Kg5
{[%clk 0:31:03]} 49. Ra4 {[%clk 0:31:01]} Rd2 {[%clk 0:28:52]} 50. Rb4
{[%clk 0:29:54]} Rd4 {[%clk 0:29:16]} 51. Rb2 {[%clk 0:30:13]} Kf4
{[%clk 0:29:40]} 52. Kf2 {[%clk 0:29:57]} g5 {[%clk 0:29:47]} 53. Ra2
{[%clk 0:30:15]} Rb4 {[%clk 0:29:41]} 54. Rc2 {[%clk 0:30:35]} Rb3
{[%clk 0:29:50]} 55. Rc4+ {[%clk 0:30:58]} e4 {[%clk 0:30:19]} 56. fxe4
{[%clk 0:31:19]} fxe4 {[%clk 0:30:43]} 57. Kg2 {[%clk 0:31:39]} Rb2+
{[%clk 0:31:02]} 58. Kg1 {[%clk 0:31:59]} Rd2 {[%clk 0:30:16]} 59. Rc8
{[%clk 0:32:06]} Kg3 0-1

[Event "MPJ C18"]
[Site "?"]
[Date "2016.03.14"]
[Round "2.6"]
[White "Chomczyk, Marek"]
[Black "Mockun, Dawid"]
[Result "1/2-1/2"]
[LiveChessVersion "1.4.8"]
[BlackElo "1933"]
[WhiteElo "2229"]

1. e4 {[%clk 1:30:56]} c6 {[%clk 1:30:55]} 2. d4 {[%clk 1:31:20]} d5
{[%clk 1:31:21]} 3. exd5 {[%clk 1:31:42]} cxd5 {[%clk 1:31:15]} 4. Bd3
{[%clk 1:32:02]} g6 {[%clk 1:30:44]} 5. c3 {[%clk 1:32:18]} Nf6 {[%clk 1:31:06]}
6. Bf4 {[%clk 1:31:51]} Nc6 {[%clk 1:30:59]} 7. Nd2 {[%clk 1:26:57]} Bg7
{[%clk 1:31:04]} 8. Ngf3 {[%clk 1:25:45]} O-O {[%clk 1:29:04]} 9. h3
{[%clk 1:24:26]} a6 {[%clk 1:27:24]} 10. O-O {[%clk 1:24:32]} Bf5
{[%clk 1:27:23]} 11. Bxf5 {[%clk 1:16:49]} gxf5 {[%clk 1:27:45]} 12. Ne5
{[%clk 1:16:52]} Kh8 {[%clk 1:25:45]} 13. Nxc6 {[%clk 1:14:11]} bxc6
{[%clk 1:26:07]} 14. Qa4 {[%clk 1:13:47]} Qc8 {[%clk 1:24:40]} 15. Be5
{[%clk 1:12:19]} Rg8 {[%clk 1:16:29]} 16. c4 {[%clk 0:59:20]} Ne4
{[%clk 1:15:45]} 17. Nf3 {[%clk 0:58:26]} Qe6 {[%clk 1:14:21]} 18. Rac1
{[%clk 0:57:38]} Qg6 {[%clk 1:11:54]} 19. g3 {[%clk 0:36:35]} Nxg3
{[%clk 1:04:03]} 20. Bxg3 {[%clk 0:36:58]} f4 {[%clk 1:04:17]} 21. Qc2
{[%clk 0:37:26]} fxg3 {[%clk 0:48:50]} 22. Qxg6 {[%clk 0:37:29]} gxf2+
{[%clk 0:49:09]} 23. Rxf2 {[%clk 0:37:12]} hxg6 {[%clk 0:48:28]} 24. Kg2
{[%clk 0:27:24]} Bf6 {[%clk 0:45:57]} 25. Ne5 {[%clk 0:24:29]} c5
{[%clk 0:21:42]} 26. Nd7 {[%clk 0:13:53]} cxd4 {[%clk 0:00:32]} 27. c5
{[%clk 0:13:19]} Kg7 {[%clk 0:00:32]} 28. c6 {[%clk 0:11:24]} Ra7
{[%clk 0:00:34]} 29. Nb6 {[%clk 0:04:34]} Bg5 {[%clk 0:00:46]} 30. Rc5
{[%clk 0:02:04]} Be3 {[%clk 0:00:45]} 31. Re2 {[%clk 0:02:24]} Bf4
{[%clk 0:00:47]} 32. Nxd5 {[%clk 0:02:27]} Bd6 {[%clk 0:00:59]} 33. Rc4
{[%clk 0:02:48]} Rc8 {[%clk 0:00:52]} 34. Nb6 {[%clk 0:00:48]} Rb8
{[%clk 0:01:14]} 35. Nd7 {[%clk 0:01:07]} Rc8 {[%clk 0:01:39]} 36. Nb6
{[%clk 0:01:22]} Rb8 {[%clk 0:01:45]} 37. Nd7 {[%clk 0:01:16]} Rc8
{[%clk 0:02:03]} 38. Nb6 {[%clk 0:01:40]} Rb8 {[%clk 0:00:38]} 1/2-1/2

[Event "MPJ C18"]
[Site "?"]
[Date "2016.03.14"]
[Round "2.7"]
[White "Januszkiewicz, Wojciech"]
[Black "Szostko, Jakub"]
[Result "0-1"]
[LiveChessVersion "1.4.8"]
[BlackElo "2228"]
[WhiteElo "1922"]

1. e4 {[%clk 1:30:55]} c5 {[%clk 1:30:53]} 2. Nf3 {[%clk 1:30:43]} e6
{[%clk 1:31:04]} 3. d4 {[%clk 1:30:49]} cxd4 {[%clk 1:31:27]} 4. Nxd4
{[%clk 1:31:12]} Nf6 {[%clk 1:31:49]} 5. Nc3 {[%clk 1:31:32]} d6 {[%clk 1:32:12]}
6. g4 {[%clk 1:29:57]} e5 {[%clk 1:32:21]} 7. Nf5 {[%clk 1:21:05]} h5
{[%clk 1:32:15]} 8. Bg5 {[%clk 1:14:35]} hxg4 {[%clk 1:26:06]} 9. Be2
{[%clk 1:12:23]} Bxf5 {[%clk 1:18:45]} 10. exf5 {[%clk 1:12:35]} Nbd7
{[%clk 1:18:26]} 11. Qd3 {[%clk 0:57:33]} a6 {[%clk 1:06:04]} 12. Qg3
{[%clk 0:55:49]} Qb6 {[%clk 1:02:27]} 13. O-O-O {[%clk 0:54:13]} Rh3
{[%clk 0:53:14]} 14. Qg2 {[%clk 0:54:13]} Qc6 {[%clk 0:50:53]} 15. f3
{[%clk 0:38:48]} Rxf3 {[%clk 0:49:57]} 16. Bxf3 {[%clk 0:38:24]} gxf3
{[%clk 0:50:24]} 17. Qg3 {[%clk 0:35:11]} b5 {[%clk 0:48:09]} 18. Rhf1
{[%clk 0:26:08]} b4 {[%clk 0:47:06]} 19. Rxf3 {[%clk 0:26:32]} bxc3
{[%clk 0:46:25]} 20. Rxc3 {[%clk 0:27:00]} Qa4 {[%clk 0:44:28]} 21. Qg2
{[%clk 0:22:56]} Rb8 {[%clk 0:38:21]} 22. Ra3 {[%clk 0:19:48]} Qc4
{[%clk 0:37:22]} 23. Rdd3 {[%clk 0:16:39]} Qe4 {[%clk 0:31:20]} 24. Qf1
{[%clk 0:15:06]} Nc5 {[%clk 0:29:40]} 25. Re3 {[%clk 0:11:32]} Qb7
{[%clk 0:29:36]} 26. b4 {[%clk 0:11:28]} Nd5 {[%clk 0:26:03]} 27. Reb3
{[%clk 0:01:54]} Nxb3+ {[%clk 0:26:04]} 28. Rxb3 {[%clk 0:02:21]} Qc6
{[%clk 0:25:45]} 29. Qe1 {[%clk 0:01:55]} Rc8 {[%clk 0:25:22]} 30. Qe4
{[%clk 0:01:39]} Nc3 {[%clk 0:23:00]} 31. Qxc6+ {[%clk 0:01:28]} Rxc6
{[%clk 0:23:28]} 32. Kb2 {[%clk 0:01:51]} Na4+ {[%clk 0:23:29]} 33. Ka3
{[%clk 0:02:01]} Nb6 {[%clk 0:23:45]} 34. b5 {[%clk 0:02:21]} d5+
{[%clk 0:23:56]} 35. Kb2 {[%clk 0:02:44]} axb5 {[%clk 0:24:14]} 36. Rxb5
{[%clk 0:03:11]} f6 {[%clk 0:24:31]} 37. Bh4 {[%clk 0:03:17]} Bc5
{[%clk 0:23:54]} 0-1

[Event "MPJ C18"]
[Site "?"]
[Date "2016.03.14"]
[Round "2.8"]
[White "Kanicki, Krzysztof"]
[Black "Jarmula, Lukasz"]
[Result "1/2-1/2"]
[LiveChessVersion "1.4.8"]
[BlackElo "2387"]
[WhiteElo "2208"]

1. e4 {[%clk 1:30:58]} c5 {[%clk 1:30:54]} 2. Nf3 {[%clk 1:31:22]} Nc6
{[%clk 1:31:20]} 3. Bb5 {[%clk 1:27:16]} e5 {[%clk 1:31:32]} 4. c3
{[%clk 0:57:54]} Bd6 {[%clk 1:31:33]} 5. d4 {[%clk 0:55:27]} cxd4
{[%clk 1:23:01]} 6. cxd4 {[%clk 0:52:20]} exd4 {[%clk 1:23:21]} 7. O-O
{[%clk 0:42:16]} Nge7 {[%clk 1:23:12]} 8. Nxd4 {[%clk 0:41:53]} a6
{[%clk 1:23:35]} 9. Ba4 {[%clk 0:37:54]} O-O {[%clk 1:17:07]} 10. Nc3
{[%clk 0:37:29]} Qc7 {[%clk 1:08:27]} 11. h3 {[%clk 0:34:47]} b5 {[%clk 1:06:09]}
12. Bb3 {[%clk 0:32:14]} Nxd4 {[%clk 1:04:43]} 13. Qxd4 {[%clk 0:32:35]} Bb7
{[%clk 1:00:00]} 14. Be3 {[%clk 0:18:25]} Bh2+ {[%clk 0:58:34]} 15. Kh1
{[%clk 0:18:54]} Be5 {[%clk 0:58:47]} 16. Qd3 {[%clk 0:19:02]} Bxc3
{[%clk 0:45:33]} 17. bxc3 {[%clk 0:12:59]} d5 {[%clk 0:44:48]} 18. exd5
{[%clk 0:12:18]} Rad8 {[%clk 0:44:42]} 19. c4 {[%clk 0:08:51]} bxc4
{[%clk 0:43:59]} 20. Qxc4 {[%clk 0:07:42]} Qxc4 {[%clk 0:28:43]} 21. Bxc4
{[%clk 0:08:11]} Nxd5 {[%clk 0:29:04]} 22. Bxd5 {[%clk 0:02:56]} Bxd5
{[%clk 0:29:25]} 23. Rfd1 {[%clk 0:02:35]} Rd7 {[%clk 0:26:37]} 24. Rd2
{[%clk 0:02:10]} Rfd8 {[%clk 0:26:45]} 25. Rad1 {[%clk 0:01:53]} Be6
{[%clk 0:27:08]} 26. Rxd7 {[%clk 0:02:06]} Rxd7 {[%clk 0:27:33]} 27. Rxd7
{[%clk 0:02:28]} Bxd7 {[%clk 0:27:59]} 28. Kg1 {[%clk 0:02:47]} f6
{[%clk 0:28:23]} 29. Kf1 {[%clk 0:02:57]} Kf7 {[%clk 0:28:42]} 30. Bc5
{[%clk 0:03:08]} Ke6 {[%clk 0:28:56]} 31. f3 {[%clk 0:03:16]} Bb5+
{[%clk 0:28:43]} 32. Kf2 {[%clk 0:03:42]} Bc4 {[%clk 0:29:03]} 33. a3
{[%clk 0:03:27]} Bb5 {[%clk 0:29:17]} 34. Ke3 {[%clk 0:03:48]} Bf1
{[%clk 0:29:40]} 35. Kf2 {[%clk 0:04:14]} Bb5 {[%clk 0:30:05]} 36. Bb4
{[%clk 0:04:40]} Kf7 {[%clk 0:30:24]} 37. Ke3 {[%clk 0:05:07]} Bf1
{[%clk 0:30:49]} 38. Kf2 {[%clk 0:05:35]} Bb5 {[%clk 0:31:14]} 39. Ke3
{[%clk 0:06:02]} Bf1 {[%clk 0:31:39]} 40. Kf2 {[%clk 0:36:30]} Bb5
{[%clk 1:02:04]} 41. Ke3 {[%clk 0:36:57]} 1/2-1/2

[Event "MPJ C18"]
[Site "?"]
[Date "2016.03.14"]
[Round "2.9"]
[White "Karwowski, Kacper"]
[Black "Golda, Sebastian"]
[Result "1-0"]
[LiveChessVersion "1.4.8"]
[BlackElo "1941"]
[WhiteElo "2127"]

1. d4 Nf6 2. Nc3 d6 3. e4 c5 4. dxc5 Qa5 5. cxd6 Nxe4 6. dxe7 Bxe7 7. Bd2 Nxd2 8.
Qxd2 O-O 9. Bd3 Bg5 10. f4 Re8+ 11. Nge2 Bh4+ 12. g3 Bf6 13. Nd5 Qxd5 14. Bxh7+
Kxh7 15. Qxd5 Bg4 16. O-O-O Bxe2 17. Rde1 Kg8 18. Rxe2 Nc6 19. Rxe8+ Rxe8 20. c3
Rd8 21. Qb5 Rd7 22. Rd1 Re7 23. g4 g6 24. g5 Bg7 25. h4 a6 26. Qc4 Bh8 27. f5
gxf5 28. Rf1 Ne5 29. Qc8+ Kh7 30. Qxf5+ Kg8 31. h5 Rd7 32. g6 fxg6 33. Qe6+ 1-0

[Event "MPJ C18"]
[Site "?"]
[Date "2016.03.14"]
[Round "2.10"]
[White "Gajek, Radoslaw"]
[Black "Smal, Tobiasz"]
[Result "1-0"]
[LiveChessVersion "1.4.8"]
[BlackElo "2017"]
[WhiteElo "2435"]

1. c4 Nf6 2. Nc3 g6 3. g3 Bg7 4. Bg2 O-O 5. e4 d6 6. Nge2 c5 7. O-O Nc6 8. d3 a6
9. h3 Rb8 10. a4 Nd4 11. f4 Bd7 12. Nxd4 cxd4 13. Ne2 Ne8 14. f5 b5 15. cxb5 axb5
16. a5 b4 17. Nf4 Be5 18. Qb3 Kg7 19. Bd2 Nc7 20. a6 Ra8 21. a7 Nb5 22. Nd5 Rxa7
23. Qxb4 Rb7 24. Bf4 f6 25. Bxe5 fxe5 26. fxg6 hxg6 27. Rxf8 Qxf8 28. Rf1 Qd8 29.
h4 Be8 30. Qd2 Nc7 31. h5 Nxd5 32. h6+ Kh7 33. exd5 e6 34. dxe6 Rb8 35. Qf2 Qg5
36. Qf8 Qe3+ 37. Rf2 Qc1+ 38. Bf1 Qxh6 39. Rh2 1-0

[Event "MPJ C18"]
[Site "?"]
[Date "2016.03.14"]
[Round "2.11"]
[White "Snihur, Piotr"]
[Black "Buraczewski, Rafal"]
[Result "1-0"]
[LiveChessVersion "1.4.8"]
[BlackElo "1973"]
[WhiteElo "2271"]

1. d4 Nf6 2. c4 e6 3. Nc3 d5 4. Bf4 c6 5. e3 Nbd7 6. Nf3 Be7 7. Bd3 dxc4 8. Bxc4
Nb6 9. Bb3 Nbd5 10. O-O Nxf4 11. exf4 O-O 12. Qe2 Nd5 13. g3 Nxc3 14. bxc3 c5 15.
Rad1 cxd4 16. cxd4 Bf6 17. Ne5 Qb6 18. Qe4 g6 19. h4 Rd8 20. h5 Bg7 21. d5 Rb8
22. Rfe1 exd5 23. Bxd5 Bxe5 24. Qxe5 Rxd5 25. Rxd5 1-0

[Event "MPJ C18"]
[Site "?"]
[Date "2016.03.14"]
[Round "2.12"]
[White "Zylka, Stanislaw"]
[Black "Fukowski, Pawel"]
[Result "1-0"]
[LiveChessVersion "1.4.8"]
[BlackElo "1966"]
[WhiteElo "2180"]

1. e4 {[%clk 1:30:57]} e6 {[%clk 1:30:56]} 2. b3 {[%clk 1:31:18]} d5
{[%clk 1:29:03]} 3. Bb2 {[%clk 1:31:39]} Nf6 {[%clk 1:25:50]} 4. e5
{[%clk 1:31:59]} Nfd7 {[%clk 1:26:18]} 5. Qg4 {[%clk 1:32:16]} c5
{[%clk 1:24:34]} 6. f4 {[%clk 1:32:32]} Nc6 {[%clk 1:21:29]} 7. Nf3
{[%clk 1:32:32]} g6 {[%clk 1:19:29]} 8. Be2 {[%clk 1:32:33]} h5 {[%clk 1:16:06]}
9. Qg3 {[%clk 1:27:49]} Bh6 {[%clk 1:15:02]} 10. O-O {[%clk 1:25:16]} a6
{[%clk 1:12:42]} 11. Nc3 {[%clk 1:24:28]} b5 {[%clk 1:07:28]} 12. a4
{[%clk 1:20:39]} b4 {[%clk 1:07:41]} 13. Nd1 {[%clk 1:20:59]} Na5
{[%clk 1:06:01]} 14. Ne3 {[%clk 1:14:23]} Nb6 {[%clk 1:00:05]} 15. Rae1
{[%clk 1:01:46]} d4 {[%clk 0:45:09]} 16. Nd1 {[%clk 0:52:02]} Nd5
{[%clk 0:39:53]} 17. Ng5 {[%clk 0:50:25]} Bxg5 {[%clk 0:34:54]} 18. Qxg5
{[%clk 0:42:27]} Bb7 {[%clk 0:29:38]} 19. Qg3 {[%clk 0:35:34]} Ne7
{[%clk 0:25:37]} 20. Nf2 {[%clk 0:27:59]} Nf5 {[%clk 0:24:32]} 21. Qd3
{[%clk 0:24:27]} Nh4 {[%clk 0:22:49]} 22. Ne4 {[%clk 0:23:44]} Bxe4
{[%clk 0:23:17]} 23. Qxe4 {[%clk 0:24:12]} Ra7 {[%clk 0:22:05]} 24. Bd3
{[%clk 0:23:23]} Qb6 {[%clk 0:20:41]} 25. Kh1 {[%clk 0:22:01]} Nf5
{[%clk 0:17:13]} 26. Qe2 {[%clk 0:21:47]} Ne7 {[%clk 0:17:06]} 27. Be4
{[%clk 0:21:33]} Rc7 {[%clk 0:16:44]} 28. d3 {[%clk 0:20:56]} Kd7
{[%clk 0:14:29]} 29. Rf3 {[%clk 0:19:59]} Rcc8 {[%clk 0:13:56]} 30. Bc1
{[%clk 0:19:22]} Nac6 {[%clk 0:13:43]} 31. Rh3 {[%clk 0:17:58]} Qb8
{[%clk 0:13:23]} 32. Bd2 {[%clk 0:15:33]} Rcg8 {[%clk 0:10:22]} 33. Qf3
{[%clk 0:13:32]} a5 {[%clk 0:09:15]} 34. Re2 {[%clk 0:13:07]} Qf8
{[%clk 0:06:23]} 35. Be1 {[%clk 0:12:59]} f5 {[%clk 0:03:30]} 36. exf6
{[%clk 0:12:51]} Qxf6 {[%clk 0:03:59]} 37. Bh4 {[%clk 0:11:44]} Qf7
{[%clk 0:04:26]} 38. Rg3 {[%clk 0:11:07]} Re8 {[%clk 0:03:51]} 39. Bxe7
{[%clk 0:10:47]} Nxe7 {[%clk 0:04:12]} 40. Bxg6 {[%clk 0:10:57]} Qxg6
{[%clk 0:03:14]} 41. Qb7+ {[%clk 0:10:10]} Kd6 {[%clk 0:32:54]} 42. Qb6+
{[%clk 0:36:44]} Kd7 {[%clk 0:33:22]} 43. Rxg6 {[%clk 0:36:30]} Nxg6
{[%clk 0:33:50]} 44. Qxc5 {[%clk 0:35:48]} Nxf4 {[%clk 0:33:23]} 45. Qb5+
{[%clk 0:32:32]} 1-0

[Event "MPJ C18"]
[Site "?"]
[Date "2016.03.14"]
[Round "2.13"]
[White "Adamczewski, Maciej"]
[Black "Lizak, Jakub"]
[Result "1/2-1/2"]
[LiveChessVersion "1.4.8"]
[BlackElo "2176"]
[WhiteElo "1961"]

1. d4 {[%clk 1:29:45]} d5 {[%clk 1:30:56]} 2. Nf3 {[%clk 1:30:05]} Nf6
{[%clk 1:31:22]} 3. c4 {[%clk 1:30:30]} dxc4 {[%clk 1:31:48]} 4. e3
{[%clk 1:30:44]} b5 {[%clk 1:32:14]} 5. a4 {[%clk 1:30:38]} b4 {[%clk 1:32:37]}
6. Bxc4 {[%clk 1:30:30]} e6 {[%clk 1:33:01]} 7. Nbd2 {[%clk 1:28:37]} Be7
{[%clk 1:32:49]} 8. Ne5 {[%clk 1:25:41]} Bb7 {[%clk 1:29:59]} 9. Ndf3
{[%clk 1:25:16]} O-O {[%clk 1:21:49]} 10. Qb3 {[%clk 1:24:07]} Bd5
{[%clk 1:15:07]} 11. Bd2 {[%clk 1:18:56]} Qd6 {[%clk 1:03:43]} 12. O-O
{[%clk 1:16:18]} Nbd7 {[%clk 0:50:12]} 13. Bxd5 {[%clk 1:15:14]} exd5
{[%clk 0:50:11]} 14. Rac1 {[%clk 1:12:55]} c5 {[%clk 0:45:57]} 15. Nxd7
{[%clk 1:05:56]} Nxd7 {[%clk 0:46:06]} 16. dxc5 {[%clk 1:05:54]} Nxc5
{[%clk 0:46:18]} 17. Qxb4 {[%clk 1:05:38]} Rab8 {[%clk 0:43:44]} 18. Qg4
{[%clk 1:05:26]} f5 {[%clk 0:39:13]} 19. Qg3 {[%clk 0:59:03]} f4 {[%clk 0:31:06]}
20. Qg4 {[%clk 0:55:46]} Nd3 {[%clk 0:27:30]} 21. Bc3 {[%clk 0:53:53]} Bf6
{[%clk 0:23:08]} 22. Bxf6 {[%clk 0:51:48]} Rxf6 {[%clk 0:21:45]} 23. Rc8+
{[%clk 0:51:44]} Rf8 {[%clk 0:19:55]} 24. Rxf8+ {[%clk 0:51:34]} Rxf8
{[%clk 0:19:36]} 25. exf4 {[%clk 0:51:32]} Nxf4 {[%clk 0:16:07]} 26. Rd1
{[%clk 0:44:10]} Qf6 {[%clk 0:11:56]} 27. b4 {[%clk 0:32:31]} Ne2+
{[%clk 0:10:12]} 28. Kf1 {[%clk 0:29:36]} Nc3 {[%clk 0:10:36]} 29. Re1
{[%clk 0:29:29]} Ne4 {[%clk 0:10:16]} 30. Qd7 {[%clk 0:26:46]} Nd2+
{[%clk 0:07:35]} 31. Ke2 {[%clk 0:26:58]} Rd8 {[%clk 0:07:12]} 32. Qb5
{[%clk 0:21:11]} Nxf3 {[%clk 0:06:54]} 33. gxf3 {[%clk 0:21:19]} d4
{[%clk 0:05:15]} 34. Kf1 {[%clk 0:18:36]} Qf7 {[%clk 0:04:47]} 35. Qd3
{[%clk 0:18:47]} h6 {[%clk 0:04:48]} 36. Re4 {[%clk 0:18:45]} Qa2
{[%clk 0:03:45]} 37. Re7 {[%clk 0:18:22]} Qxa4 {[%clk 0:02:33]} 38. Qf5
{[%clk 0:13:07]} Qa6+ {[%clk 0:01:07]} 39. b5 {[%clk 0:12:34]} Qa1+
{[%clk 0:01:31]} 40. Kg2 {[%clk 0:42:37]} d3 {[%clk 0:30:56]} 41. Qe6+
{[%clk 0:42:37]} Kh8 {[%clk 0:29:12]} 42. Re8+ {[%clk 0:43:00]} Rxe8
{[%clk 0:29:39]} 43. Qxe8+ {[%clk 0:43:26]} Kh7 {[%clk 0:30:00]} 44. Qe4+
{[%clk 0:43:53]} Kg8 {[%clk 0:30:19]} 45. Qxd3 {[%clk 0:44:17]} Qf6
{[%clk 0:25:15]} 46. Qc4+ {[%clk 0:44:15]} Qf7 {[%clk 0:25:08]} 47. Qc6
{[%clk 0:43:53]} Kh7 {[%clk 0:23:47]} 48. Qe4+ {[%clk 0:44:05]} Kg8
{[%clk 0:24:03]} 49. f4 {[%clk 0:43:37]} Qh5 {[%clk 0:22:03]} 50. Qc4+
{[%clk 0:40:47]} Kh7 {[%clk 0:21:22]} 51. h3 {[%clk 0:40:56]} Qg6+
{[%clk 0:21:42]} 52. Kh2 {[%clk 0:40:44]} Qf5 {[%clk 0:21:03]} 53. f3
{[%clk 0:40:02]} Kh8 {[%clk 0:20:26]} 54. Kg3 {[%clk 0:39:59]} Qg6+
{[%clk 0:20:51]} 55. Kf2 {[%clk 0:40:12]} Qf5 {[%clk 0:19:25]} 56. Kg3 1/2-1/2

[Event "MPJ C18"]
[Site "?"]
[Date "2016.03.14"]
[Round "2.14"]
[White "Zarnowski, Krzysztof"]
[Black "Czajkowski, Adam"]
[Result "1-0"]
[LiveChessVersion "1.4.8"]
[BlackElo "2110"]
[WhiteElo "1940"]

1. d4 Nf6 2. c4 d6 3. Nc3 Nbd7 4. e4 e5 5. Nf3 g6 6. Be2 Bg7 7. O-O O-O 8. d5 Nc5
9. Nd2 a5 10. Qc2 Bd7 11. b3 c6 12. Ba3 cxd5 13. Bxc5 dxc5 14. cxd5 Ne8 15. Bb5
Bc8 16. Bd3 f5 17. Nc4 f4 18. f3 g5 19. h3 Ra6 20. Kf2 h5 21. Rh1 Rg6 22. Rag1 g4
23. hxg4 hxg4 24. Ke1 Qg5 25. Qf2 b6 26. a4 Kf7 27. Ne2 Bd7 28. Qh4 Qxh4+ 29.
Rxh4 gxf3 30. gxf3 Rxg1+ 31. Nxg1 b5 32. axb5 Bxb5 33. Nxe5+ Bxe5 34. Bxb5 Nd6
35. Ba4 c4 36. bxc4 Nxc4 37. Nh3 Ke7 38. Ke2 Kd6 39. Nf2 Nb2 40. Rh6+ Rf6 41. Rh5
Rf8 42. Nd3 Nxd3 43. Kxd3 Rc8 44. Rh6+ Kc5 45. Re6 Bb2 46. d6 Kb4 47. d7 Rd8 48.
Bc6 a4 49. e5 a3 50. Kc2 Bd4 51. Kb1 Rh8 52. Bd5 Rd8 53. Re7 Kc5 54. Bb3 Kb4 55.
Kc2 Bc5 56. Rf7 Rh8 57. Rxf4+ Kb5 58. e6 Bd6 59. Rf7 Kc6 60. e7 a2 61. e8=Q Rh2+
62. Kd3 Rd2+ 1-0

[Event "MPJ C18"]
[Site "?"]
[Date "2016.03.14"]
[Round "2.15"]
[White "Wacior, Maciej"]
[Black "Kaminski, Piotr"]
[Result "0-1"]
[LiveChessVersion "1.4.8"]
[BlackElo "1920"]
[WhiteElo "2090"]

1. d4 {[%clk 1:30:58]} e6 {[%clk 1:30:51]} 2. Nf3 {[%clk 1:31:25]} f5
{[%clk 1:31:13]} 3. Bf4 {[%clk 1:30:30]} Nf6 {[%clk 1:31:34]} 4. e3
{[%clk 1:30:16]} d5 {[%clk 1:31:36]} 5. Be2 {[%clk 1:28:08]} c6 {[%clk 1:30:55]}
6. Nbd2 {[%clk 1:26:05]} Bd6 {[%clk 1:31:03]} 7. Bg3 {[%clk 1:26:12]} O-O
{[%clk 1:31:00]} 8. c3 {[%clk 1:23:55]} Ne4 {[%clk 1:29:59]} 9. Qc2
{[%clk 1:23:09]} Qe7 {[%clk 1:24:22]} 10. Nxe4 {[%clk 1:08:02]} fxe4
{[%clk 1:24:01]} 11. Ne5 {[%clk 1:08:11]} Nd7 {[%clk 1:15:34]} 12. f4
{[%clk 0:58:34]} exf3 {[%clk 1:00:24]} 13. Nxf3 {[%clk 0:58:56]} e5
{[%clk 0:58:18]} 14. Bh4 {[%clk 0:57:16]} Nf6 {[%clk 0:53:33]} 15. O-O-O
{[%clk 0:56:42]} e4 {[%clk 0:47:05]} 16. Nd2 {[%clk 0:57:01]} Qc7
{[%clk 0:44:21]} 17. Qb3 {[%clk 0:44:32]} a5 {[%clk 0:39:51]} 18. a4
{[%clk 0:42:39]} Kh8 {[%clk 0:35:24]} 19. Nf1 {[%clk 0:28:40]} b5
{[%clk 0:33:44]} 20. axb5 {[%clk 0:21:42]} a4 {[%clk 0:34:02]} 21. Qc2
{[%clk 0:22:06]} a3 {[%clk 0:32:31]} 22. bxa3 {[%clk 0:22:33]} Rxa3
{[%clk 0:30:11]} 23. Kd2 {[%clk 0:20:42]} cxb5 {[%clk 0:26:56]} 24. Bxb5
{[%clk 0:20:54]} Ng4 {[%clk 0:23:46]} 25. Be2 {[%clk 0:18:20]} Bd7
{[%clk 0:17:11]} 26. Bg3 {[%clk 0:12:16]} Nf2 {[%clk 0:16:03]} 27. Bxf2
{[%clk 0:06:39]} Rxf2 {[%clk 0:16:31]} 28. Ke1 {[%clk 0:06:53]} Rf8
{[%clk 0:14:20]} 29. Rc1 {[%clk 0:06:56]} Qa5 {[%clk 0:08:56]} 30. Ng3
{[%clk 0:06:13]} Rxc3 {[%clk 0:06:43]} 31. Qxc3 {[%clk 0:05:12]} Bb4
{[%clk 0:07:12]} 32. Kd2 {[%clk 0:05:06]} Rc8 {[%clk 0:07:26]} 33. Nxe4
{[%clk 0:03:22]} dxe4 {[%clk 0:07:45]} 34. Bc4 {[%clk 0:03:48]} Rxc4
{[%clk 0:07:41]} 0-1

[Event "MPJ C18"]
[Site "?"]
[Date "2016.03.14"]
[Round "2.16"]
[White "Litner, Igor"]
[Black "Winiarski, Mikolaj"]
[Result "0-1"]
[LiveChessVersion "1.4.8"]
[BlackElo "2037"]
[WhiteElo "1883"]

1. f4 d5 2. Nf3 Bg4 3. e3 Nf6 4. b3 h5 5. Bb2 h4 6. Nc3 Nbd7 7. h3 Bh5 8. Be2 e6
9. d3 c5 10. Qd2 a6 11. e4 d4 12. Nd1 Bxf3 13. Bxf3 e5 14. Nf2 g6 15. c3 Bh6 16.
O-O Bxf4 17. Qe1 Kf8 18. cxd4 cxd4 19. Qb4+ Kg7 20. Bg4 Be3 21. Kh1 Qb6 22. Ba3
Qxb4 23. Bxb4 Rac8 24. Bxd7 Nxd7 25. Ng4 Bf4 26. Ba3 f5 27. exf5 gxf5 28. Nh2
Bxh2 29. Kxh2 Kg6 30. Rf2 Rc3 31. Rd1 b5 32. g4 hxg3+ 33. Kxg3 Nf6 34. Kh2 Ng4+
0-1